| 000 | 00548nam a22002057a 4500 | ||
|---|---|---|---|
| 003 | LK-CoMWRAF | ||
| 005 | 20240212124132.0 | ||
| 008 | 240212b1982 |||||||| |||| 00| 0 eng d | ||
| 020 | _a0394711955 | ||
| 040 |
_aLK-CoMWRAF _dLK-CoMWRAF _eLK-CoMWRAF |
||
| 041 | _aeng | ||
| 082 |
_a909.097 _bNAI |
||
| 100 | _a Naipaul V. S. | ||
| 245 |
_aAmong the believers : _ban Islamic journey |
||
| 260 |
_aNew York: _bVintage books, _c1982 |
||
| 300 | _a430 p. | ||
| 650 | _aISLAM-Asia | ||
| 650 | _aIslamic countries-Description and travel | ||
| 942 | _cBK | ||
| 999 |
_c4740 _d4740 |
||